00609nam a2200193Ia 450000500170000000800410001702000230005804000190008104100120010008200130011210000170012524500750014226000510021730000140026850400360028265000370031865100500035585000100040520231123090554.0131103s9999 xx 000 0 und d a8176481769cRs 800 aLoreto College aEnglish a327bKUM aKumar, Kamal aIndian Ocean as a zone of peaceb Problems and prospects cKamal Kumar aNew DelhibA.P.H. Publishing Corporationc2000 axii,387p  aIncludes bibliography and index aIndian Ocean - Strategic Aspects aIndian Ocean Region - Politics and Government aLCLIB